000 00714nam a2200289Ia 4500
005 20260324134232.0
008 008 260324s9999 xx 000 0 eng d
020 _a9781315196213
037 _aEBOOK
040 _aCRL
040 _beng
040 _cCRL
041 _2eng
041 _aeng
084 _qCRL
100 _aIain M. MacKenzie
_91194664
245 0 _aIrenaeus's Demonstration of the Apostolic Preaching
245 2 _bA Theological Commentary and Translation
260 _bTaylor and Francis
260 _c2002
365 _a
365 _b205
856 _uhttp://www.taylorfrancis.com/books/9781315196213
942 _cEBOOK
999 _c1795926
_d1795926